| 000 | 00656nam a2200205 a 4500 | ||
|---|---|---|---|
| 003 | PILC | ||
| 005 | 20160215065600.0 | ||
| 008 | 091110s19uu xx 00 eng d | ||
| 020 | _a978-007-160882-4 | ||
| 050 |
_aBF 637.S8 _b.B446 2009 |
||
| 100 | _aBen-Shahar, Tal. | ||
| 245 |
_aThe pursuit of perfect : _bhow to stop chasing perfection and start living a richer, happier life / _cTal Be-Shahar. |
||
| 260 |
_aBoston : _bMcGraw-Hill, _c2009. |
||
| 300 |
_a246 pages : _c20 cm. _billustrations ; |
||
| 500 | _aIncludes bibliographical references and index. | ||
| 650 | _aSuccess. | ||
| 650 | _aHappiness. | ||
| 942 |
_cBK _2lcc _kFOR |
||
| 999 |
_c23727 _d23727 |
||